000 01124nam a2200229Ia 4500
999 _c40996
_d40996
001 7644
003 GE_BSU
005 20240122144904.0
008 181216s1976||||ge |||||||||||||| ||geo||
040 _cGE_BSU
041 _ageo
080 _a821.353.1-32 დ–74
100 _aდონჟაშვილი, თინა
_920879
245 _aშორ გზაზე :
_bმოთხრობები /
_cთინა დონჟაშვილი ; სარედ. კოლეგია : გივი გოგიჩაიშვილი, მურმან ლებანიძე, იოსებ გრიშაშვილი და სხვ. ; მხატვ. ე. ბურჯანაძე.
264 _aთბილისი :
_bმერანი,
_c1976.
300 _a89 გვ. ;
_c20 სმ.
490 _aქართველი მწერლები დიდ სამამულო ომში
653 _aმოთხრობები
653 _aშორ გზაზე
700 _aბურჯანაძე, ე.
_eმხატვარი
_94104
942 _cBK
_2udc